| 000 | 00533nam a2200205Ia 4500 | ||
|---|---|---|---|
| 003 | OSt | ||
| 005 | 20240628151246.0 | ||
| 008 | 221221s9999 xx 000 0 und d | ||
| 040 | _cChuka University Library | ||
| 050 |
_aPE 1408 _bC56 2007 |
||
| 100 |
_aCLOUSE,B.F. _92572 |
||
| 245 | 4 | _aTHE STUDENT WRITER | |
| 260 |
_aBOSTON _bMcGRAW-HILL _c2007 |
||
| 300 | _a696p | ||
| 650 |
_aEnglish language--Rhetoric _915689 |
||
| 650 |
_aReport writing _98285 |
||
| 650 |
_aCriticism _98286 |
||
| 650 |
_aEditing _915690 |
||
| 942 |
_cBK _2lcc |
||
| 999 |
_c3451 _d3451 |
||